Geomarketing - teoretické a praktické aspekty novej vízie marketingového prístupu

Saved in:
Bibliographic Details
Main Author: Kita, Jaroslav
Corporate Author: Ekonomická univerzita v Bratislave. Obchodná fakulta
Other Authors: Čihovská, Viera, Zamykalová, Miroslava
Format: Book
Language:Slovak
Published: Bratislava Vydavateľstvo EKONÓM 2013
Edition:1. vyd.
Subjects:
Tags: Add Tag
No Tags, Be the first to tag this record!

MARC

LEADER 00000nam a2200000 4500
001 0179093
005 20240530074836.6
020 |a 978-80-225-3706-3 
041 0 |a slo 
044 |a SK 
245 1 0 |a Geomarketing - teoretické a praktické aspekty novej vízie marketingového prístupu  |c Jaroslav Kita ; recenzenti Viera Čihovská, Miroslava Zamykalová 
250 |a 1. vyd. 
264 1 |a Bratislava  |b Vydavateľstvo EKONÓM  |c 2013 
300 |a 75 s. [4,26 AH] 
610 2 0 |a marketing územia 
610 2 0 |a geografia 
610 2 0 |a marketing mix 
610 2 0 |a priestor 
610 2 0 |a systémy informačné geografické 
610 2 0 |a analýzy 
610 2 0 |a analýza štatistická 
610 2 0 |a metódy štatistické 
610 2 0 |a riadenie predaja 
100 1 |a Kita, Jaroslav 
700 1 |a Čihovská, Viera 
700 1 |a Zamykalová, Miroslava 
710 2 |a Ekonomická univerzita v Bratislave. Obchodná fakulta